Quizzes
Events
Quiz Creation
Community
Videos
Private Events
Remove Ads
Sign In
Join for FREE
Feedback
Dark Mode
Quiz Categories
Sports
Geography
Music
Movies
Television
Just For Fun
Miscellaneous
History
Literature
Language
Science
Gaming
Entertainment
Religion
Holiday
For Kids
Quiz Lab
Recent
Popular Today
Quiz Kudos Today
Editor Picks
Curator Picks
Quizzes by...
Day
Popularity
Type
Ratings
Length
Year
Community
Subscriptions
Recent Discussions
Orange Saloon
Badges
Playlists
Quests
Create
Leaderboards
Showdown
Live 5
Trivia Bingo
Activity
Puzzle Library
Sporcle Events
Private Events
Virtual Trivia
Globe League
Become a Host
Pub Owners
SporcleCon
Opinionation
Our Games
Videos
Blog
Mobile Apps
Partnerships
Remove Ads and Go Orange
Feedback
Sports
Athletes
MLB
NBA
NHL
NFL
Soccer
Sports Teams
WWE
NCAA
Football
Premier League
Basketball
Baseball
Hockey
Golf
Tennis
Cricket
Rugby
Auto Racing
Olympics
World Cup
Sports
Athletes
MLB
NBA
NHL
NFL
Soccer
Sports Teams
WWE
NCAA
Football
Premier League
Basketball
Baseball
Hockey
Golf
Tennis
Cricket
Rugby
Auto Racing
Olympics
World Cup
Random Quiz
Search Sporcle
×
Quiz Lab
Quiz Lab
Sports
Football
Type in answers that appear in a list
Type in answers that appear in a list
Classic
Best Score? Go Orange.
Football League Playoff Winners Stats
Can you name the English League Playoff Winners?
By
Jamierael
10m
69 Questions
403 Plays
403 Plays
403 Plays
Comments
Comments
Give Quiz Kudos
Give Quiz Kudos
-
- Ratings
hide this ad
Replay
Link that replays current quiz
Next Quiz
Link to next quiz in quiz playlist
You Got
0%
They Got
Avg Score
68%
Avg Friend Score
Upgrade to see
Score Distribution
Jump to the score distribution portion of the page
Score
0/69
Timer
10:00
0
Plays Today
Division
Playoff Winner
% Correct
Tier 2
Hull City
88.8%
Tier 2
Burnley
86.6%
Tier 3
Burnley
86.6%
Tier 2
Derby County
86.4%
Tier 2
West Ham United
85.9%
Tier 2
Wolverhampton Wanderers
84.9%
Tier 2
Watford
83.1%
Tier 2
Watford
83.1%
Tier 4
Swansea City
82.9%
Tier 2
Leicester City
82.4%
Tier 2
Leicester City
82.4%
Tier 2
Crystal Palace
82.1%
Tier 2
Crystal Palace
82.1%
Tier 2
Crystal Palace
82.1%
Tier 2
Charlton Athletic
81.9%
Tier 2
Bolton Wanderers
81.9%
Tier 2
Bolton Wanderers
81.9%
Tier 2
Charlton Athletic
81.9%
Tier 2
Birmingham City
81.4%
Tier 3
Cardiff City
80.1%
Tier 2
Ipswich Town
79.4%
Tier 2
Swindon Town
79.2%
Tier 2
Swindon Town
79.2%
Tier 3
Swindon Town
79.2%
Tier 3
Sheffield Wednesday
79.2%
Tier 3
Manchester City
78.4%
Tier 3
Blackpool
76.4%
Tier 4
Blackpool
76.4%
Tier 4
Blackpool
76.4%
Tier 3
West Bromwich Albion
75.2%
Tier 3
Bradford City
73%
Tier 2
Notts County
72.7%
Tier 3
Notts County
72.7%
Tier 2
Blackburn Rovers
71.5%
Tier 3
Stoke City
70.7%
Division
Playoff Winner
% Correct
Tier 3
Barnsley
70.5%
Tier 2
Middlesbrough
69.5%
Tier 4
Bristol Rovers
69.5%
Tier 4
Plymouth Argyle
68.2%
Tier 3
Huddersfield Town
67.5%
Tier 4
Huddersfield Town
67.5%
Tier 3
Doncaster Rovers
66%
Tier 3
Gillingham
64.5%
Tier 4
Gillingham
64.5%
Tier 3
Brighton & Hove Albion
64.3%
Tier 3
Scunthorpe United
63%
Tier 4
Scunthorpe United
63%
Tier 3
Tranmere Rovers
59.3%
Tier 4
Bournemouth
57.1%
Tier 4
Colchester United
56.6%
Tier 4
Chesterfield
55.8%
Tier 4
Torquay United
55.3%
Tier 3
Peterborough Unted
54.3%
Tier 4
Peterborough United
54.3%
Tier 3
Grimsby Town
53.8%
Tier 4
Southend United
53.8%
Tier 4
Stockport County
53.1%
Tier 3
Walsall
52.9%
Tier 3
Walsall
52.9%
Tier 3
Port Vale
51.9%
Tier 4
Wycombe Wanderers
50.9%
Tier 3
Crewe Alexandra
49.6%
Tier 4
Northampton Town
49.6%
Tier 4
Leyton Orient
47.1%
Tier 4
Cambridge United
46.7%
Tier 4
York City
45.4%
Tier 4
Cheltenham Town
41.4%
Tier 4
Cheltenham Town
41.4%
Tier 4
Aldershot
30.8%
Quiz Playlist
Details
Report
Send in Message
Add To Playlist
Classic:
Type in answers that appear in a list
Quiz Source
Last Updated: Feb 16, 2017
Quiz Scoreboard
CHALLENGE
Sign Up to Join the Scoreboard
Show All
Scores
Hide
Comments
May contain spoilers
Recently Published
Billboard Blitz: Fleetwood Mac
by CooCooCachoo
Music
15s
Presidents Visiting Landmarks
by Hejman
History
7m
An Introduction to Baseball
by treessimontrees
Sports
5m
More to Explore
Quiz From the Vault
Featured Blog Post
Where Did the Easter Bunny Come From?
hide this ad
You Might Also Like...
Tags
Football Quiz
Division
English
English League
League
Playoff
Playoff Winners
Winner
Today's Top Quizzes in Sports
Browse Sports
hide this ad
Today's Top Quizzes in Football
Browse Football
Top Contributed Quizzes in Sports
1
Les meilleurs buteurs des matchs entre le PSG et l’OM
2
2022 World Cup Stars
3
FIFA Club World Cup Champions
4
Les entraîneurs de l'OM et du PSG au 21e siècle
5
Criteria MLB: Left Handed Sluggers
6
AFC Teams Reveal (Wrong Answers Minefield)
7
5-to-1: UK Sports Teams
8
Name the Premier League winners with different clubs
9
5-to-1: FBS Animal Nicknames
10
Players with Multiple 50 Home Run Seasons
Explore More
Trending Topics
Kpop
Harry Potter
NBA
Disney
Anime
Marvel
Crossword
Pokémon
NFL
Country
Soccer
The Office
Puzzle
Song
WWE
hide this ad
More By:
Jamierael
Quiz
Plays
Rating
Category
Featured
Created
Football League Playoff Winners
403
5.00
Sports
Jan 13, 2010
Go to Creator's Profile
Score Distribution
Quiz Creator Spotlight
Jamierael
Follow
Send a Message
Quizzes Created
-
Created Quiz Play Count
-
More By This Creator
Popular Quizzes Today
1
Find the US States - No Outlines Minefield
2
Find the Countries of Europe - No Outlines Minefield
3
The Countries of the World
4
Find the US States
5
Risky Map Clicking: Biggest States A-Z
6
US States
7
Popular People in 1961
8
Movies - When Are They Set?
More Sports Quizzes
Rugby World Cup Winning Captains
Curator's Pick
Trending Quizzes
Risky Map Clicking: Least Populous States A-Z
1-10 Letter G Words
1-10 Letter F Words
Risky Map Clicking: Next State Alphabetically
Risky Map Clicking: Biggest States A-Z
Recently Updated
Leaping Animals
pecheneg
Reality TV Shows (A-Z)
bhenderson79
Rickey Henderson's Hall of Fame Teammates
pecheneg
Champions League XIs: Arsenal
pecheneg
Quick Pick: Celebrities in WWE's Hall of Fame
aduchscher
A-Z Keypad Blitz II
pecheneg
Multiple Oscar Actors
pecheneg
Mystery Phrase Blitz: Oscar 'Best Actors'
pecheneg
F. Scott Fitzgerald Novels
LTH
Pick 3 Villains
ddd62291
Trending Topics
Marvel
NBA
Disney
Anime
Kpop
Crossword
Harry Potter
WWE
The Office
Puzzle
Soccer
Country
NFL
Song
Pokémon
Your Account Isn't Verified!
In order to create a playlist on Sporcle, you need to verify the email address you used during registration. Go to your
Sporcle Settings
to finish the process.
Report this User
Report this user for behavior that violates our
Community Guidelines
.
Details:
Send Report
Go to the Sporcle.com Mobile Site →
Comments